Methods of applied mathematics /

Guardado en:
Autor Principal: Hildebrand, Francis Begnaud.
Formato: Libro
Idioma:English
Publicado: Englewood Cliffs, N.J. : Prentice-Hall, c1965.
Edición:2nd ed.
Etiquetas: Agregar Etiqueta
Sin Etiquetas, Sea el primero en etiquetar este registro!
LEADER 00795cam a22001935 4500
001 MAT.inmabb001840
008 721102s1965####nju######b####001#0#eng#d
005 20160104113357.0
245 1 0 |a Methods of applied mathematics /  |c Francis B. Hildebrand. 
250 |a 2nd ed. 
260 |a Englewood Cliffs, N.J. :  |b Prentice-Hall,  |c c1965. 
300 |a ix, 362 p. ;  |c 24 cm. 
504 |a Incluye referencias bibliográficas. 
505 0 |a 1. Matrices and linear equations -- 2. Calculus of variations and applications -- 3. Integral equations -- Appendix. The Crout method for solving sets of linear algebraic equations. 
510 4 |a MR,  |c 30 #5521 
100 1 |a Hildebrand, Francis Begnaud. 
084 |a 00A69 (15-01 45-01 49-01)  |2 msc2000 
010 |a  65014941  
859 |h 00A69  |i H642  |p A-3298  |b BIB. MATEMATICA